00539nam a2200193 a 450000100060000000300080000600500170001400800390003103500190007004000440008904100080013308200250014110000200016624500450018626000440023130000240027550000180029965000280031748565BD-RjUL20211209054539.0160814s1949 enk b 001 0 eng a(BD-RjUL)48684 aOCLCbengcOCLCdOCLCdBD-RjULdBD-RjUL aeng 223a364.36bTAJ 194910aTappan, Paul W.10aJuvenile delinquency /c Paul W. Tappan aLondon :bMcgraw-hill book com.,cc1949 ax, 613 p. ;c22 cm. aInclude index a Juvenile delinquency.